[Event "Challenge"]
[Site "http://www.queenalice.com/game.php?id=1355769"]
[Date "2015.4.26"]
[Round "-"]
[White "CaptainJester"]
[Black "Mikalus"]
[Result "1-0"]
[WhiteElo "1855"]
[BlackElo "1932"]

1. e4 c5 2. Nf3 Nc6 3. Bc4 e6 4. O-O Nf6 5. d3 a6 6. a3 b5 7. Ba2 Ng4 8. Ng5
Nge5 9. f4 Be7 10. Qh5 Ng6 11. Nxf7 Kxf7 12. f5 Bf6 13. fxg6+ hxg6 14. Qxc5 Ke8
15. Qf2 Qc7 16. h3 Rf8 17. Kh1 Nd4 18. Nc3 Bb7 19. Be3 Qd6 20. Bxd4 Bxd4 21. Qe1
Rxf1+ 22. Qxf1 Ke7 23. Qe2 Qg3 24. Rf1 Rh8 25. Qf3 Qe5 26. Qf4 Bxc3 27. bxc3
Qxc3 28. Qf7+ Kd6 29. Qf4+ e5 30. Qf2 Qxa3 31. Bb3 Qc5 32. Qf7 1-0

[Event "Challenge"]
[Site "http://www.queenalice.com/game.php?id=1365268"]
[Date "2015.6.13"]
[Round "-"]
[White "CaptainJester"]
[Black "denaultj"]
[Result "0-1"]
[WhiteElo "1862"]
[BlackElo "1838"]

1. e4 e5 2. Nf3 Nc6 3. Bc4 d6 4. O-O h6 5. Nc3 Nf6 6. a3 Bg4 7. Be2 Bxf3 8. Bxf3
Nd4 9. d3 c6 10. b4 b5 11. a4 a5 12. bxa5 Rxa5 13. Bb2 b4 14. Nb1 c5 15. c3
Nxf3+ 16. Qxf3 Be7 17. cxb4 cxb4 18. Nd2 O-O 19. Nc4 Ra6 20. Qg3 d5 21. exd5
Qxd5 22. Bxe5 Rd8 23. Rfd1 g6 24. Ne3 Qe6 25. d4 Kh7 26. Bxf6 Bxf6 27. d5 Qd6
28. Qxd6 Raxd6 29. Rab1 Bc3 30. Rd3 f5 31. Rbd1 Rc8 32. a5 b3 33. Rb1 Bxa5 34.
Rdxb3 h5 35. g3 Bd2 36. Rd1 Ba5 37. Rb5 Bd8 38. h4 Kh6 39. Re1 Bf6 40. Nf1 Rc4
41. Re6 Rxe6 42. dxe6 Re4 43. Rb6 Be7 44. Nd2 Re2 45. Nf3 f4 46. Kf1 Re4 47. Nd2
Re5 48. Nc4 Re4 49. Nd6 Rd4 50. Nf7+ Kg7 51. Rb7 Kf6 52. Ng5 fxg3 53. fxg3 Rd1+
54. Ke2 Rg1 55. Ne4+ Kxe6 56. Rb6+ Kf5 57. Kf3 Rf1+ 58. Kg2 Re1 0-1

[Event "Challenge"]
[Site "http://www.queenalice.com/game.php?id=1365557"]
[Date "2015.6.15"]
[Round "-"]
[White "CaptainJester"]
[Black "Donyelko"]
[Result "1-0"]
[WhiteElo "1874"]
[BlackElo "2105"]

1. e4 e5 2. Nf3 Nc6 3. Bc4 Bc5 4. O-O d6 5. Nc3 Nf6 6. a3 a5 7. Nd5 Nxe4 8. d3
Nxf2 9. Rxf2 Bxf2+ 10. Kxf2 O-O 11. Bg5 Qd7 12. Qd2 h6 13. Be3 Ne7 14. Kg1 b5
15. Ba2 Kh7 16. Nh4 Nxd5 17. Bxd5 c6 18. Be4+ f5 19. Bf3 a4 20. Bh5 Rf6 21. d4
f4 22. Qd3+ Kg8 23. Bd2 Qe7 24. dxe5 dxe5 25. Qe4 Bb7 26. Ng6 Qc5+ 27. Kh1 Qd6
28. Bb4 Qd4 29. Ne7+ Kh8 30. Ng6+ Kh7 31. Nf8+ Kg8 32. Qh7# 1-0

[Event "Challenge"]
[Site "http://www.queenalice.com/game.php?id=1383840"]
[Date "2015.9.17"]
[Round "-"]
[White "Mikalus"]
[Black "CaptainJester"]
[Result "1-0"]
[WhiteElo "1949"]
[BlackElo "1899"]

1. e4 c5 2. Nf3 Nc6 3. Bc4 g6 4. d4 cxd4 5. Nxd4 Bg7 6. c3 Nf6 7. Nxc6 bxc6 8.
Qf3 e5 9. Bg5 O-O 10. O-O d6 11. Nd2 Bg4 12. Qg3 Qe7 13. Bxf6 Qxf6 14. Qxg4 Rab8
15. Bb3 h5 16. Qd7 1-0

[Event "May The Older Man Win"]
[Site "http://www.queenalice.com/game.php?id=1396191"]
[Date "2015.11.27"]
[Round "-"]
[White "Donyelko"]
[Black "CaptainJester"]
[Result "1-0"]
[WhiteElo "2084"]
[BlackElo "1885"]

1. d4 g6 2. e4 Bg7 3. c4 c5 4. d5 d6 5. Qc2 Nf6 6. Bd3 O-O 7. Nf3 Bg4 8. Nbd2
Bh6 9. e5 Bxd2+ 10. Nxd2 dxe5 11. Ne4 Nxe4 12. Bxe4 Nd7 13. f3 Bf5 14. Bxf5 gxf5
15. Qxf5 Nb6 16. Bh6 Nxc4 17. Qg5+ 1-0

[Event "Challenge"]
[Site "http://www.queenalice.com/game.php?id=1398433"]
[Date "2015.12.11"]
[Round "-"]
[White "CaptainJester"]
[Black "Mikalus"]
[Result "0-1"]
[WhiteElo "1877"]
[BlackElo "1898"]

1. e4 c5 2. Nf3 Nc6 3. Bc4 e6 4. O-O Nf6 5. Nc3 Ng4 6. h3 Nge5 7. d3 Nxc4 8.
dxc4 Be7 9. Nb5 d6 10. a3 a6 11. Nc3 O-O 12. Qe2 Bf6 13. Be3 Nd4 14. Bxd4 cxd4
15. Nd1 e5 16. c3 dxc3 17. Nxc3 Be6 18. Nd5 Bxd5 19. cxd5 b5 20. b4 h6 21. Rac1
Rc8 22. Qb2 Qe7 23. Rc3 Qb7 24. Rfc1 Be7 25. Qc2 Rxc3 0-1

[Event "Challenge"]
[Site "http://www.queenalice.com/game.php?id=1633211"]
[Date "2020.11.16"]
[Round "-"]
[White "CaptainJester"]
[Black "Mikalus"]
[Result "1-0"]
[WhiteElo "1838"]
[BlackElo "1875"]

1. e4 c5 2. Bc4 Nc6 3. Nf3 e6 4. O-O a6 5. a4 Nf6 6. d3 Ng4 7. Bf4 Be7 8. h3 Nf6
9. Nc3 d6 10. e5 dxe5 11. Nxe5 Nxe5 12. Bxe5 O-O 13. Qf3 Bd7 14. Ne4 Bc6 15. Qf4
Bxe4 16. dxe4 Nh5 17. Qg4 g6 18. Rad1 Qe8 19. f4 Bf6 20. Bxf6 Nxf6 21. Qf3 Rb8
22. e5 Nd7 23. Rd6 b5 24. axb5 axb5 25. Be2 Qe7 26. Rfd1 Rfd8 27. Qc6 Nf8 28.
Rxd8 Rxd8 29. Rxd8 Qxd8 30. Qxc5 Qa5 31. Kh2 Kg7 32. Bxb5 Qd2 33. Qc4 h5 34. Qe4
Nh7 35. Bd3 1-0

[Event "Challenge"]
[Site "http://www.queenalice.com/game.php?id=1633212"]
[Date "2020.11.16"]
[Round "-"]
[White "CaptainJester"]
[Black "ron_h_roy2003"]
[Result "0-1"]
[WhiteElo "1859"]
[BlackElo "1521"]

1. e4 e5 2. Nf3 Nf6 3. Nc3 a6 4. Bd3 d6 5. O-O Bg4 6. b3 Nc6 7. Bb2 g6 8. h3 Be6
9. Ng5 Qd7 10. Qf3 Bg7 11. Nd5 Bxd5 12. exd5 Na7 13. c4 O-O 14. a4 Qd8 15. Qg3
Nh5 16. Qe3 Nf4 17. g3 Nxd3 18. Qxd3 Qxg5 19. h4 Qe7 20. Rae1 h5 21. f4 f5 22.
fxe5 dxe5 23. Qe3 e4 24. Bxg7 Qxg7 25. c5 Rad8 26. c6 b6 27. Qe2 a5 28. d3 Qd4+
29. Kh2 Qxd5 30. dxe4 Qxc6 31. exf5 Rfe8 32. Qf2 Rf8 33. Re6 Rxf5 34. Rxg6+ Qxg6
35. Qxf5 Qxf5 36. Rxf5 Nc6 37. Rxh5 Rd2+ 0-1

[Event "Challenge"]
[Site "http://www.queenalice.com/game.php?id=1633213"]
[Date "2020.11.16"]
[Round "-"]
[White "CaptainJester"]
[Black "denaultj"]
[Result "0-1"]
[WhiteElo "1845"]
[BlackElo "1747"]

1. e4 e5 2. Nf3 Nc6 3. Nc3 Nf6 4. d3 Bc5 5. Be2 h6 6. Nd5 O-O 7. O-O a5 8. a4
Nxd5 9. Bd2 Nf4 10. Bc3 Nxe2+ 11. Qxe2 d6 0-1

[Event "AUTO-ADV-4424"]
[Site "http://www.queenalice.com/game.php?id=1633435"]
[Date "2020.11.18"]
[Round "1"]
[White "Eggchaser"]
[Black "CaptainJester"]
[Result "0-1"]
[WhiteElo "1739"]
[BlackElo "1855"]

1. e4 e5 2. f4 exf4 3. Nf3 d6 4. d4 Be7 5. Bxf4 Nf6 6. Nc3 O-O 7. Bc4 b6 8. O-O
Bb7 9. Re1 c6 10. d5 b5 11. dxc6 Bxc6 12. Bxb5 Bxb5 13. Nxb5 Qb6+ 14. Nbd4 Qxb2
15. Nf5 Qb6+ 16. Be3 Qc7 17. Kh1 Nc6 18. Bf4 Ne5 19. Nxe7+ Qxe7 20. Bg5 h6 21.
Bh4 Nxf3 22. Qxf3 g5 23. Bg3 Rac8 24. Qd3 Rc6 25. Rad1 Ng4 26. h3 Ne5 27. Qd5
Rfc8 28. Bxe5 dxe5 29. Qd7 Qxd7 30. Rxd7 R6c7 31. Red1 a6 32. R7d6 Rc6 33. Rd8+
Rxd8 34. Rxd8+ Kg7 35. Rd5 f6 36. Rd2 Rc4 37. Re2 Ra4 0-1

[Event "AUTO-ADV-4424"]
[Site "http://www.queenalice.com/game.php?id=1633436"]
[Date "2020.11.18"]
[Round "1"]
[White "CaptainJester"]
[Black "Eggchaser"]
[Result "1-0"]
[WhiteElo "1825"]
[BlackElo "1748"]

1. e4 d6 2. Nf3 Nf6 3. Nc3 g6 4. Bc4 Bg7 5. O-O O-O 6. d4 c6 7. d5 Qc7 8. Bf4
Nh5 9. Qd2 Nxf4 10. Qxf4 Nd7 11. dxc6 bxc6 12. Qh4 Nf6 13. Rae1 e5 14. Nd2 Qb6
15. b3 Qd4 16. Ndb1 a5 17. Rd1 1-0

[Event "AUTO-ADV-4424"]
[Site "http://www.queenalice.com/game.php?id=1633451"]
[Date "2020.11.18"]
[Round "1"]
[White "Equiferus"]
[Black "CaptainJester"]
[Result "0-1"]
[WhiteElo "1774"]
[BlackElo "1883"]

1. d4 d5 2. Nf3 Nf6 3. e3 e6 4. Bd3 Bd6 5. O-O O-O 6. Nc3 Nc6 7. b3 Nb4 8. Be2
b6 9. a3 Nc6 10. Bb2 e5 11. Bb5 Bb7 12. dxe5 Nxe5 13. Nd4 Neg4 14. Nc6 Bxh2+ 15.
Kh1 Qd6 16. Nd4 Bg3 17. f4 Nxe3 18. Nf5 Nxf5 19. Qf3 Ne4 20. Qh5 Nxc3 21. Qxf5
Nxb5 22. a4 g6 23. Qg5 Bxf4 24. Rxf4 Rae8 25. axb5 Re4 26. Qh6 d4 27. Rf2 Qg3
28. Kg1 Rh4 29. Qd2 Qh2+ 30. Kf1 Bxg2+ 31. Rxg2 Rf4+ 32. Rf2 Qh1+ 33. Ke2 Re8+
34. Kd3 Qe4+ 35. Kc4 d3+ 36. Kc3 Qb4+ 37. Kxd3 Rd8+ 0-1

[Event "AUTO-ADV-4424"]
[Site "http://www.queenalice.com/game.php?id=1633452"]
[Date "2020.11.18"]
[Round "1"]
[White "CaptainJester"]
[Black "Equiferus"]
[Result "1/2-1/2"]
[WhiteElo "1888"]
[BlackElo "1769"]

1. e4 d5 2. Nc3 Nf6 3. exd5 Nxd5 4. Nge2 e6 5. g3 Be7 6. Bg2 O-O 7. O-O c6 8. d4
Nd7 9. Nf4 N7f6 10. Ncxd5 exd5 11. Be3 Bg4 12. Bf3 Bf5 13. a4 Ne4 14. Bg4 Qd7
15. Bxf5 Qxf5 16. Qh5 Qxh5 17. Nxh5 Bg5 18. Bxg5 Nxg5 19. Nf4 Nf3+ 20. Kg2 Nd2
21. Rfd1 Ne4 22. c3 Rfe8 23. f3 Nf6 24. Re1 h5 25. h4 a5 26. Rxe8+ Rxe8 27. Kf2
Kh7 28. Re1 Kh6 29. Rxe8 Nxe8 30. g4 hxg4 31. fxg4 Nd6 32. g5+ Kh7 33. Ke2 Nc4
34. b3 Nd6 35. Kf3 1/2-1/2

[Event "AUTO-ADV-4424"]
[Site "http://www.queenalice.com/game.php?id=1633461"]
[Date "2020.11.18"]
[Round "1"]
[White "Pin"]
[Black "CaptainJester"]
[Result "0-1"]
[WhiteElo "1982"]
[BlackElo "1866"]

1. e4 e5 2. Nf3 Nc6 3. Bc4 Nf6 4. Ng5 d5 5. exd5 Na5 6. Bb5+ Bd7 7. Qe2 Bd6 8.
Nc3 O-O 9. O-O c6 10. dxc6 Nxc6 11. Bxc6 Bxc6 12. Nce4 Nxe4 13. Nxe4 Bxe4 14.
Qxe4 Qc7 15. c3 f5 16. Qd5+ Kh8 17. d3 Rad8 18. Qf3 b6 19. h3 Qe7 20. Qh5 e4 21.
Bg5 Qe5 22. g3 Rd7 23. d4 Qe6 24. a3 f4 25. g4 f3 26. Be3 Bc7 27. Rae1 Rd5 28.
Qh4 a5 29. c4 Rd7 30. Qh5 Re7 31. Bg5 Qd6 0-1

[Event "AUTO-ADV-4424"]
[Site "http://www.queenalice.com/game.php?id=1633462"]
[Date "2020.11.18"]
[Round "1"]
[White "CaptainJester"]
[Black "Pin"]
[Result "1/2-1/2"]
[WhiteElo "1887"]
[BlackElo "1904"]

1. e4 c5 2. Bc4 e6 3. Nc3 d6 4. Nf3 Nf6 5. d3 Be7 6. O-O O-O 7. Be3 Nc6 8. Ng5
Re8 9. Bb5 Bd7 10. Qd2 a6 11. Ba4 b5 12. Bb3 b4 13. Ne2 h6 14. Nf3 a5 15. a4 Qc7
16. Ba2 Bf8 17. c4 Ng4 18. h3 Nxe3 19. Qxe3 Kh7 20. b3 g6 21. d4 Bg7 22. Rad1
cxd4 23. Nexd4 Nxd4 24. Nxd4 Qc5 25. Nc2 Qxe3 26. Nxe3 Bf8 27. Ng4 Kg7 28. e5
Ra6 29. exd6 Bxd6 30. Ne5 Bxe5 31. Rxd7 Rc8 32. f4 Bb8 33. g3 Ba7+ 34. Kh2 Bc5
35. Rfd1 Rcc6 36. h4 Kf6 37. Kg2 Rd6 38. Bb1 Rxd1 39. Rxd1 Rd6 40. Rxd6 Bxd6 41.
Kf3 1/2-1/2

[Event "Challenge"]
[Site "http://www.queenalice.com/game.php?id=1634472"]
[Date "2020.11.27"]
[Round "-"]
[White "denaultj"]
[Black "CaptainJester"]
[Result "1-0"]
[WhiteElo "1826"]
[BlackElo "1895"]

1. e4 e5 2. c3 Nf6 3. d3 Bc5 4. Be3 Bxe3 5. fxe3 O-O 6. Nf3 Nc6 7. b4 a6 8. h3
d5 9. exd5 Qxd5 10. Be2 Nh5 11. O-O e4 12. Nd4 Nf6 13. Nxc6 Qxc6 14. a4 b5 15.
d4 Qd6 16. Qe1 c6 17. axb5 cxb5 18. Bxb5 Bd7 19. Bxd7 Qxd7 20. Qg3 Nd5 21. Ra5
Rfc8 22. Re1 Nxc3 23. Rg5 g6 24. Rc5 Nxb1 25. Rxb1 Rxc5 26. bxc5 a5 27. Rb8+
Rxb8 28. Qxb8+ Kg7 29. Qe5+ 1-0

[Event "Challenge"]
[Site "http://www.queenalice.com/game.php?id=1635823"]
[Date "2020.12.8"]
[Round "-"]
[White "Mikalus"]
[Black "CaptainJester"]
[Result "1-0"]
[WhiteElo "1845"]
[BlackElo "1876"]

1. e4 e5 2. Nf3 Nc6 3. Bc4 d6 4. c3 Be6 5. Bxe6 fxe6 6. O-O Nf6 7. Re1 Be7 8. d4
exd4 9. cxd4 O-O 10. Nc3 d5 11. e5 Nd7 12. a3 a5 13. Bd2 Nb6 14. Ne2 Nc4 15. Bc3
b5 16. Nd2 Nxd2 17. Qxd2 Bg5 18. f4 Bh4 19. Rf1 a4 20. Rf3 Qe8 21. Rh3 Be7 22.
Qd3 Na5 23. Qxh7+ Kf7 24. Rg3 Rg8 25. Qg6+ 1-0

[Event "Challenge"]
[Site "http://www.queenalice.com/game.php?id=1639206"]
[Date "2021.1.8"]
[Round "-"]
[White "CaptainJester"]
[Black "denaultj"]
[Result "1-0"]
[WhiteElo "1758"]
[BlackElo "1829"]

1. e4 e5 2. Nf3 Nc6 3. Nc3 Nf6 4. Bc4 h6 5. O-O Na5 6. Bd3 a6 7. a3 b5 8. Nxe5
Bd6 9. Nf3 Bc5 10. b4 Bb6 11. bxa5 Bxa5 12. Nd4 O-O 13. e5 Bxc3 14. dxc3 Nd5 15.
Qf3 c6 16. Qg3 Qe7 17. Bxh6 f6 18. Qg6 f5 19. Nxf5 1-0

[Event "Challenge"]
[Site "http://www.queenalice.com/game.php?id=1639207"]
[Date "2021.1.8"]
[Round "-"]
[White "CaptainJester"]
[Black "Donyelko"]
[Result "1-0"]
[WhiteElo "1777"]
[BlackElo "2089"]

1. e4 e5 2. Nf3 Nc6 3. Nc3 Bc5 4. Bc4 d6 5. O-O Bg4 6. Be2 Nf6 7. h3 Bh5 8. b3
Qd7 9. Bb2 O-O-O 10. Nd5 Nxe4 11. d3 Nxf2 12. Rxf2 Bxf2+ 13. Kxf2 f5 14. Ng5
Bxe2 15. Qxe2 h6 16. Nf3 Rhf8 17. c4 Rde8 18. Kg1 g5 19. Rf1 Nd4 20. Nxd4 exd4
21. Qf2 c5 22. a3 b6 23. a4 Qc6 24. Re1 f4 25. Re7 Qa8 26. Qe2 Kd8 27. Rxe8+
Rxe8 28. Qh5 Rf8 29. Qxh6 Kd7 30. Qg7+ 1-0